| 000 | 00541nam a2200181 4500 | ||
|---|---|---|---|
| 001 | 110073 | ||
| 003 | ES-SlBCS | ||
| 005 | 20210327224051.0 | ||
| 008 | 141118s sp ||||| |||| 00| 0 spa d | ||
| 020 |
_a2746502348 _q(br) |
||
| 040 |
_aES-SlBCS _bspa _drdc |
||
| 100 | 1 |
_aMaureille, Bruno _997603 |
|
| 245 | 1 | 0 |
_aQui sont vraiment nos lointains ancĂȘtres ? _cB Maureille et P. Murail. |
| 260 |
_aParis : _bLe Pommier, _cimpr. 2005. |
||
| 300 |
_a61 p. : _bcouv. ill. en coul ; _c16 cm. |
||
| 700 | 1 |
_aMurail, Pascal _997604 |
|
| 942 |
_2lcc _cBK |
||
| 999 |
_c457734 _d457734 |
||